Citra Merdeka 1957-2005

Bibliographic Details
Format: Book
Published: Kuala Lumpur : Arkib Negara Malaysia , 2007
Subjects:

MARC

LEADER 00000cam a2200000 7i4500
001 0000004025
005 20150107.0
020 0 0 |a 9676119237 
090 0 0 |a 394.269595   |b CIT 2007 
245 0 0 |a Citra Merdeka 1957-2005 
260 0 0 |a Kuala Lumpur :   |b Arkib Negara Malaysia ,   |c 2007 
300 |a 182 p. :   |b col. ill. ;   |c 29cm. 
650 0 0 |a Independence Day (Malaysia) 
651 0 0 |a Malaysia---Politics and goverment 
651 0 0 |a Malaysia   |x Anniversaries 
998 |a JPSM 
999 |a 007763   |b Monograph   |c Open Shelf   |e Default branch